Animaux sans voyelles - Statistiques

Statistiques générales
  • Ce quiz a été pris 36 474 fois
  • Le résultat moyen est 16 sur 20
Statistiques - réponses
Indices Réponses % Correct
CHVL Cheval
100%
VCH Vache
99%
RNRD Renard
97%
SRPNT Serpent
97%
CNRD Canard
96%
TGR Tigre
96%
CHNLL Chenille
93%
HPPPTM Hippopotame
93%
CHMPNZ Chimpanzé
92%
RHNCRS Rhinocéros
91%
GRF Girafe
89%
LPHNT Elephant
84%
KNGR Kangourou
81%
PNGN Pingouin
80%
CCHN Cochon
74%
SRS Souris
61%
RNTHRNQ Ornithorynque
60%
TRCH Autruche
55%
WMBT Wombat
49%
RGN Araignée
35%
Aucun quiz correspondant
Distribution des résultats
% des personnes avec chaque résultat
Percentile par nombre de réponses
Votre historique - résultats
Vous n’avez pas pris ce quiz